Dovidenia, Zuzanka

Bibliographic Details
Main Author: Zelinová, Hana, 1914-2004 (Author)
Format: Book
Language:Slovak
PhysicalDescription:40 s.
Published: Bratislava Mladé letá 1967
Subjects:

MARC

LEADER 00000cam a2200000 a 4500
001 vtls001410805
003 SK-MaSNL
005 20260301202207.0
008 240314s1967 xo 0000j slo
015 |a SNBA1967 
035 |a SNK000365503 
040 |a SNK  |b slo  |c SNK  |e AACR2 
041 0 |a slo 
044 |a xo  |c SK 
100 1 |a Zelinová, Hana,  |d 1914-2004  |4 aut  |9 101300 
245 1 0 |a Dovidenia, Zuzanka  |c Hana Zelinová 
260 |a Bratislava  |b Mladé letá  |c 1967 
300 |a 40 s. 
655 7 |a slovenské rozprávky  |2 SNKPH  |9 70528 
655 7 |a autorské rozprávky  |2 SNKPH  |9 70727 
958 |a LX 
958 |a DB 
999 |c 897933  |d 899863 
952 |a SNK  |b SNK  |y PREZ  |7 0  |p 17A0839865  |o snkSB 14552   |0 0  |1 0  |4 0  |d 2012-07-23  |f 1  |l 0  |r 2025-03-12 00:00:00  |w 2026-02-24 
952 |t P60, <05>, [BOOK], {605}  |a SNK  |b SNK  |y PREZ  |7 0  |p 17A0294415  |o snkSB 14552 D1  |0 0  |1 0  |4 0  |d 2001-04-03  |l 0  |r 2005-01-02 00:00:00  |w 2026-02-24